[Event "M.I. Dvoretsky Memorial 2022"]
[Site "Moscow, Russia"]
[Date "????.??.??"]
[Round "7.4"]
[White "Grebnev, Aleksey"]
[Black "Zvjaginsev, Vadim"]
[Result "0-1"]
[TimeControl "45'+15\""]
[WhiteTitle "IM"]
[BlackTitle "GM"]
[WhiteFideId "34189030"]
[BlackFideId "4113403"]
[WhiteElo "2486"]
[BlackElo "2598"]

1. d4 {[%clk 00:45:27]} {[%emt 00:00:02]} g6 {[%clk 00:45:20]} {[%emt
00:00:10]} 2. e4 {[%clk 00:45:35]} {[%emt 00:00:07]} Bg7 {[%clk 00:45:28]}
{[%emt 00:00:07]} 3. Nc3 {[%clk 00:45:44]} {[%emt 00:00:06]} d6 {[%clk
00:45:07]} {[%emt 00:00:36]} 4. Be3 {[%clk 00:45:49]} {[%emt 00:00:09]} a6
{[%clk 00:45:10]} {[%emt 00:00:12]} 5. Nf3 {[%clk 00:45:51]} {[%emt 00:00:13]}
e6 {[%clk 00:39:58]} {[%emt 00:05:27]} 6. Qd2 {[%clk 00:44:36]} {[%emt
00:01:30]} h6 {[%clk 00:40:03]} {[%emt 00:00:10]} 7. Bd3 {[%clk 00:41:57]}
{[%emt 00:02:54]} Ne7 {[%clk 00:40:05]} {[%emt 00:00:13]} 8. O-O {[%clk
00:40:56]} {[%emt 00:01:16]} b6 {[%clk 00:39:53]} {[%emt 00:00:27]} 9. Ne2
{[%clk 00:36:34]} {[%emt 00:04:36]} Nd7 {[%clk 00:39:04]} {[%emt 00:01:04]} 10.
Ng3 {[%clk 00:36:37]} {[%emt 00:00:11]} Bb7 {[%clk 00:37:50]} {[%emt 00:01:30]}
11. Rfe1 {[%clk 00:36:19]} {[%emt 00:00:33]} Nf6 {[%clk 00:35:57]} {[%emt
00:02:08]} 12. h3 {[%clk 00:35:52]} {[%emt 00:00:43]} Qd7 {[%clk 00:33:54]}
{[%emt 00:02:18]} 13. c3 {[%clk 00:34:34]} {[%emt 00:01:32]} Rd8 {[%clk
00:32:41]} {[%emt 00:01:28]} 14. Rad1 {[%clk 00:33:50]} {[%emt 00:01:00]} Qc8
{[%clk 00:31:50]} {[%emt 00:01:06]} 15. Nh2 {[%clk 00:23:25]} {[%emt 00:10:40]}
Qa8 {[%clk 00:28:05]} {[%emt 00:04:00]} 16. f3 {[%clk 00:22:48]} {[%emt
00:00:52]} Kf8 {[%clk 00:25:00]} {[%emt 00:03:19]} 17. Ng4 {[%clk 00:22:16]}
{[%emt 00:00:47]} Neg8 {[%clk 00:22:47]} {[%emt 00:02:29]} 18. Nf2 {[%clk
00:20:56]} {[%emt 00:01:34]} Ne7 {[%clk 00:19:31]} {[%emt 00:03:30]} 19. h4
{[%clk 00:17:30]} {[%emt 00:03:41]} Re8 {[%clk 00:17:04]} {[%emt 00:02:42]} 20.
h5 {[%clk 00:15:15]} {[%emt 00:02:30]} Nxh5 {[%clk 00:16:38]} {[%emt 00:00:41]}
21. Nxh5 {[%clk 00:15:20]} {[%emt 00:00:10]} gxh5 {[%clk 00:16:49]} {[%emt
00:00:04]} 22. Qe2 {[%clk 00:12:55]} {[%emt 00:02:39]} Qd8 {[%clk 00:12:52]}
{[%emt 00:04:12]} 23. f4 {[%clk 00:12:45]} {[%emt 00:00:26]} Ng6 {[%clk
00:12:51]} {[%emt 00:00:15]} 24. Qxh5 {[%clk 00:12:51]} {[%emt 00:00:08]} Qh4
{[%clk 00:13:03]} {[%emt 00:00:03]} 25. Qxh4 {[%clk 00:09:38]} {[%emt
00:03:29]} Nxh4 {[%clk 00:13:10]} {[%emt 00:00:08]} 26. Be2 {[%clk 00:09:34]}
{[%emt 00:00:19]} h5 {[%clk 00:12:48]} {[%emt 00:00:37]} 27. g3 {[%clk
00:08:31]} {[%emt 00:01:18]} Ng6 {[%clk 00:12:53]} {[%emt 00:00:09]} 28. Bf3
{[%clk 00:08:10]} {[%emt 00:00:36]} f5 {[%clk 00:11:43]} {[%emt 00:01:25]} 29.
Kg2 {[%clk 00:08:07]} {[%emt 00:00:18]} h4 {[%clk 00:11:38]} {[%emt 00:00:20]}
30. g4 {[%clk 00:07:14]} {[%emt 00:01:07]} h3+ {[%clk 00:11:01]} {[%emt
00:00:52]} 31. Kg3 {[%clk 00:07:05]} {[%emt 00:00:23]} Nh4 {[%clk 00:09:28]}
{[%emt 00:01:49]} 32. Bh1 {[%clk 00:05:04]} {[%emt 00:02:17]} fxg4 {[%clk
00:09:08]} {[%emt 00:00:34]} 33. Kxg4 {[%clk 00:03:42]} {[%emt 00:01:37]} h2
{[%clk 00:06:36]} {[%emt 00:02:47]} 34. Kg3 {[%clk 00:03:24]} {[%emt 00:00:33]}
Ke7 {[%clk 00:06:30]} {[%emt 00:00:21]} 35. Nh3 {[%clk 00:02:57]} {[%emt
00:00:42]} d5 {[%clk 00:05:58]} {[%emt 00:00:47]} 36. e5 {[%clk 00:01:35]}
{[%emt 00:01:37]} Rh5 {[%clk 00:03:50]} {[%emt 00:02:22]} 37. Kxh2 {[%clk
00:01:19]} {[%emt 00:00:32]} Reh8 {[%clk 00:03:45]} {[%emt 00:00:20]} 38. Bc1
{[%clk 00:00:40]} {[%emt 00:00:54]} Bc6 {[%clk 00:03:14]} {[%emt 00:00:46]} 39.
Rd3 {[%clk 00:00:26]} {[%emt 00:00:29]} Bb5 {[%clk 00:01:58]} {[%emt 00:01:31]}
40. Rg3 {[%clk 00:00:38]} {[%emt 00:00:02]} Nf5 {[%clk 00:02:06]} {[%emt
00:00:07]} 41. Rf3 {[%clk 00:00:52]} {[%emt 00:00:01]} Be8 {[%clk 00:01:54]}
{[%emt 00:00:27]} 42. Rg1 {[%clk 00:00:43]} {[%emt 00:00:24]} R5h7 {[%clk
00:01:48]} {[%emt 00:00:21]} 43. Bg2 {[%clk 00:00:27]} {[%emt 00:00:31]} Bh5
{[%clk 00:01:35]} {[%emt 00:00:28]} 44. Rd3 {[%clk 00:00:23]} {[%emt 00:00:19]}
Be2 {[%clk 00:01:44]} {[%emt 00:00:05]} 45. Rd2 {[%clk 00:00:29]} {[%emt
00:00:09]} Bg4 {[%clk 00:01:29]} {[%emt 00:00:30]} 46. Rd3 {[%clk 00:00:44]}
{[%emt 00:00:01]} Be2 {[%clk 00:01:31]} {[%emt 00:00:13]} 47. Rd2 {[%clk
00:00:58]} {[%emt 00:00:01]} Bg4 {[%emt 00:00:04]} 48. Rd3 Nh4 {[%clk
00:01:22]} {[%emt 00:00:33]} 49. Rg3 {[%clk 00:01:05]} {[%emt 00:00:22]} Bf5
{[%clk 00:00:54]} {[%emt 00:00:43]} 50. Bf1 {[%clk 00:00:59]} {[%emt 00:00:21]}
Bh6 {[%clk 00:01:01]} {[%emt 00:00:08]} 51. Bd3 {[%clk 00:00:28]} {[%emt
00:00:46]} Be4 {[%clk 00:00:53]} {[%emt 00:00:23]} 52. Bxe4 {[%clk 00:00:20]}
{[%emt 00:00:23]} dxe4 {[%clk 00:01:07]} {[%emt 00:00:01]} 53. Rf1 {[%clk
00:00:25]} {[%emt 00:00:10]} Bf8 {[%clk 00:00:47]} {[%emt 00:00:35]} 54. Be3
{[%clk 00:00:21]} {[%emt 00:00:19]} Nf5 {[%clk 00:00:49]} {[%emt 00:00:14]} 55.
Rfg1 {[%clk 00:00:36]} Kd7 {[%clk 00:00:40]} {[%emt 00:00:25]} 56. Bc1 {[%clk
00:00:29]} {[%emt 00:00:22]} Be7 {[%clk 00:00:46]} {[%emt 00:00:08]} 57. c4
{[%clk 00:00:19]} {[%emt 00:00:25]} Bh4 {[%clk 00:00:50]} {[%emt 00:00:11]} 58.
Rc3 {[%clk 00:00:20]} {[%emt 00:00:14]} Bf2 {[%clk 00:00:51]} {[%emt 00:00:14]}
59. Rh1 {[%clk 00:00:18]} {[%emt 00:00:18]} Bxd4 {[%clk 00:00:53]} {[%emt
00:00:12]} 60. Ra3 {[%clk 00:00:31]} {[%emt 00:00:02]} e3 {[%clk 00:00:27]}
{[%emt 00:00:41]} 61. Kg2 {[%clk 00:00:40]} {[%emt 00:00:06]} Rg8+ {[%clk
00:00:25]} {[%emt 00:00:17]} 62. Ng5 {[%clk 00:00:53]} {[%emt 00:00:01]} Rxh1
{[%clk 00:00:31]} {[%emt 00:00:10]} 63. Kxh1 {[%clk 00:01:06]} {[%emt
00:00:01]} e2 {[%clk 00:00:31]} {[%emt 00:00:16]} 64. Bd2 {[%clk 00:01:16]}
{[%emt 00:00:05]} Be3 {[%clk 00:00:39]} {[%emt 00:00:06]} 65. Be1 {[%clk
00:00:26]} {[%emt 00:01:05]} Bxf4 {[%clk 00:00:53]} {[%emt 00:00:02]} 66. Nf3
{[%clk 00:00:37]} {[%emt 00:00:04]} a5 {[%clk 00:00:39]} {[%emt 00:00:29]} 67.
Rd3+ {[%clk 00:00:49]} {[%emt 00:00:03]} Ke7 {[%clk 00:00:45]} {[%emt
00:00:09]} 68. c5 {[%clk 00:00:39]} {[%emt 00:00:25]} bxc5 {[%clk 00:00:51]}
{[%emt 00:00:09]} 69. b3 {[%clk 00:00:28]} {[%emt 00:00:26]} Bg3 {[%clk
00:00:35]} {[%emt 00:00:30]} 70. Bxa5 {[%clk 00:00:19]} {[%emt 00:00:25]} Nd4
{[%clk 00:00:25]} {[%emt 00:00:25]} 71. Ne1 {[%clk 00:00:21]} {[%emt 00:00:12]}
Bf2 {[%clk 00:00:29]} {[%emt 00:00:11]} 72. Kh2 {[%clk 00:00:17]} {[%emt
00:00:19]} Rg1 {[%clk 00:00:32]} {[%emt 00:00:12]} 73. Ng2 {[%clk 00:00:31]}
{[%emt 00:00:01]} Ra1 {[%clk 00:00:35]} {[%emt 00:00:12]} 74. Bxc7 {[%clk
00:00:37]} {[%emt 00:00:10]} Rg1 {[%clk 00:00:22]} {[%emt 00:00:27]} 75. Ba5
{[%clk 00:00:47]} {[%emt 00:00:05]} Rd1 {[%clk 00:00:31]} {[%emt 00:00:06]} 76.
Rc3 {[%clk 00:00:30]} {[%emt 00:00:32]} Nc6 {[%clk 00:00:22]} {[%emt 00:00:24]}
77. Bc7 {[%clk 00:00:16]} {[%emt 00:00:29]} Rg1 {[%clk 00:00:32]} {[%emt
00:00:05]} 78. Bd6+ {[%clk 00:00:26]} {[%emt 00:00:06]} Ke8 {[%clk 00:00:37]}
{[%emt 00:00:10]} 79. Rf3 {[%clk 00:00:21]} {[%emt 00:00:20]} Rxg2+ {[%clk
00:00:43]} {[%emt 00:00:09]} 80. Kxg2 {[%clk 00:00:35]} {[%emt 00:00:01]} e1=Q
{[%clk 00:00:55]} {[%emt 00:00:02]} 81. Rf8+ {[%clk 00:00:38]} {[%emt
00:00:11]} Kd7 {[%clk 00:01:09]} {[%emt 00:00:02]} 82. Rf7+ {[%clk 00:00:52]}
{[%emt 00:00:01]} Kd8 {[%clk 00:01:13]} {[%emt 00:00:10]} 83. Rf8+ {[%clk
00:01:05]} {[%emt 00:00:02]} Kd7 {[%clk 00:01:27]} {[%emt 00:00:01]} 84. Rf7+
{[%clk 00:01:19]} {[%emt 00:00:01]} Kc8 {[%clk 00:01:41]} 85. Rxf2 {[%clk
00:01:25]} {[%emt 00:00:09]} Qe4+ {[%clk 00:01:40]} {[%emt 00:00:17]} 86. Kg1
{[%clk 00:01:23]} {[%emt 00:00:17]} Qe3 {[%clk 00:01:44]} {[%emt 00:00:11]} 87.
Kf1 {[%clk 00:00:38]} {[%emt 00:01:00]} Nxe5 {[%clk 00:01:55]} {[%emt
00:00:04]} 88. Re2 {[%clk 00:00:44]} {[%emt 00:00:09]} Qf3+ {[%clk 00:02:04]}
{[%emt 00:00:06]} 89. Ke1 {[%clk 00:00:57]} {[%emt 00:00:01]} Nd3+ {[%clk
00:02:13]} {[%emt 00:00:05]} 90. Kd2 {[%clk 00:01:01]} {[%emt 00:00:12]} Qd5
{[%clk 00:02:27]} {[%emt 00:00:02]} 91. Kc3 {[%clk 00:01:05]} {[%emt 00:00:11]}
Qxd6 {[%clk 00:02:39]} {[%emt 00:00:03]} 92. Rd2 {[%clk 00:01:16]} {[%emt
00:00:03]} Qd4+ {[%clk 00:02:53]} {[%emt 00:00:01]} 93. Kxd4 {[%emt 00:00:04]}
0-1

[Event "M.I. Dvoretsky Memorial 2022"]
[Site "Moscow, Russia"]
[Date "????.??.??"]
[Round "7.2"]
[White "Riazantsev, Alexander"]
[Black "Makarian, Rudik"]
[Result "1-0"]
[TimeControl "45'+15\""]
[WhiteTitle "GM"]
[BlackTitle "IM"]
[WhiteFideId "4125029"]
[BlackFideId "44105681"]
[WhiteElo "2626"]
[BlackElo "2554"]

1. d4 {[%clk 00:45:28]} Nf6 {[%clk 00:45:13]} {[%emt 00:00:17]} 2. c4 {[%clk
00:45:37]} {[%emt 00:00:07]} e6 {[%clk 00:45:25]} {[%emt 00:00:03]} 3. Nf3
{[%clk 00:45:47]} {[%emt 00:00:05]} d5 {[%clk 00:45:29]} {[%emt 00:00:10]} 4.
g3 {[%clk 00:45:45]} {[%emt 00:00:17]} Bb4+ {[%clk 00:45:30]} {[%emt 00:00:14]}
5. Bd2 {[%clk 00:45:49]} {[%emt 00:00:11]} Be7 {[%clk 00:45:22]} {[%emt
00:00:23]} 6. Bg2 {[%clk 00:45:23]} {[%emt 00:00:41]} O-O {[%clk 00:45:26]}
{[%emt 00:00:11]} 7. Qc2 {[%clk 00:45:13]} {[%emt 00:00:26]} c6 {[%clk
00:43:19]} {[%emt 00:02:22]} 8. Nc3 {[%clk 00:44:17]} {[%emt 00:01:11]} dxc4
{[%clk 00:39:34]} {[%emt 00:03:59]} 9. Rd1 {[%clk 00:43:09]} {[%emt 00:01:23]}
b5 {[%clk 00:36:18]} {[%emt 00:03:32]} 10. h4 {[%clk 00:30:52]} {[%emt
00:12:32]} Bb7 {[%clk 00:29:18]} {[%emt 00:07:15]} 11. Ng5 {[%clk 00:25:43]}
{[%emt 00:05:24]} a6 {[%clk 00:22:10]} {[%emt 00:07:24]} 12. e4 {[%clk
00:21:28]} {[%emt 00:04:28]} g6 {[%clk 00:13:51]} {[%emt 00:08:34]} 13. e5
{[%clk 00:20:59]} {[%emt 00:00:44]} Nd5 {[%clk 00:12:32]} {[%emt 00:01:33]} 14.
Nxd5 {[%clk 00:02:23]} {[%emt 00:18:52]} cxd5 {[%clk 00:12:18]} {[%emt
00:00:29]} 15. a3 {[%clk 00:02:25]} {[%emt 00:00:13]} Nc6 {[%clk 00:11:51]}
{[%emt 00:00:42]} 16. Be3 {[%clk 00:02:36]} {[%emt 00:00:03]} b4 {[%clk
00:09:24]} {[%emt 00:02:43]} 17. Ke2 {[%clk 00:02:31]} {[%emt 00:00:21]} Qa5
{[%clk 00:05:29]} {[%emt 00:04:10]} 18. h5 {[%clk 00:02:00]} {[%emt 00:00:45]}
b3 {[%clk 00:04:56]} {[%emt 00:00:48]} 19. Qc1 {[%clk 00:01:45]} {[%emt
00:00:30]} c3 {[%clk 00:03:15]} {[%emt 00:01:56]} 20. bxc3 {[%clk 00:00:56]}
{[%emt 00:01:04]} Qb5+ {[%clk 00:03:17]} {[%emt 00:00:12]} 21. Ke1 {[%clk
00:00:33]} {[%emt 00:00:38]} Nxe5 {[%clk 00:02:57]} {[%emt 00:00:36]} 22. dxe5
{[%clk 00:00:19]} {[%emt 00:00:29]} d4 {[%clk 00:03:11]} 23. a4 {[%clk
00:00:20]} {[%emt 00:00:14]} b2 {[%clk 00:02:41]} {[%emt 00:00:45]} 24. Qc2
{[%clk 00:00:20]} {[%emt 00:00:15]} d3 {[%clk 00:00:54]} {[%emt 00:02:02]} 25.
Qb1 {[%clk 00:00:34]} {[%emt 00:00:01]} Qxe5 {[%clk 00:01:09]} 26. Bxb7 {[%clk
00:00:29]} {[%emt 00:00:20]} Bxg5 {[%clk 00:01:20]} {[%emt 00:00:03]} 27. Kd2
{[%clk 00:00:18]} {[%emt 00:00:27]} Bxe3+ {[%clk 00:01:19]} {[%emt 00:00:16]}
28. fxe3 {[%clk 00:00:32]} Rab8 {[%clk 00:01:29]} {[%emt 00:00:05]} 29. Bxa6
{[%clk 00:00:28]} {[%emt 00:00:20]} Qxg3 {[%clk 00:01:32]} {[%emt 00:00:11]} 30.
Bb5 {[%clk 00:00:33]} {[%emt 00:00:25]} Qf2+ {[%clk 00:00:41]} {[%emt
00:01:22]} 31. Kxd3 {[%clk 00:00:47]} {[%emt 00:00:01]} Rbc8 {[%clk 00:00:55]}
32. c4 {[%clk 00:00:56]} {[%emt 00:00:07]} Rfd8+ {[%clk 00:00:41]} {[%emt
00:00:30]} 33. Kc3 {[%clk 00:01:10]} Qxe3+ {[%clk 00:00:55]} {[%emt 00:00:01]}
34. Kxb2 {[%clk 00:00:57]} {[%emt 00:00:27]} e5 {[%clk 00:00:37]} {[%emt
00:00:32]} 35. hxg6 {[%clk 00:00:55]} {[%emt 00:00:18]} hxg6 {[%clk 00:00:50]}
{[%emt 00:00:02]} 36. Qc2 {[%clk 00:00:53]} {[%emt 00:00:17]} e4 {[%clk
00:00:28]} {[%emt 00:00:37]} 37. Qh2 {[%clk 00:00:41]} {[%emt 00:00:27]} Kg7
{[%clk 00:00:19]} {[%emt 00:00:25]} 38. Qe5+ {[%clk 00:00:45]} {[%emt
00:00:10]} 1-0

[Event "M.I. Dvoretsky Memorial 2022"]
[Site "Moscow, Russia"]
[Date "????.??.??"]
[Round "7.3"]
[White "Nesterov, Arseniy"]
[Black "Popov, Ivan"]
[Result "1-0"]
[TimeControl "45'+15\""]
[WhiteTitle "GM"]
[BlackTitle "GM"]
[WhiteFideId "24198455"]
[BlackFideId "4170350"]
[WhiteElo "2573"]
[BlackElo "2627"]

1. d4 {[%clk 00:45:26]} {[%emt 00:00:03]} d5 {[%clk 00:45:24]} {[%emt
00:00:07]} 2. c4 {[%clk 00:45:29]} {[%emt 00:00:12]} dxc4 {[%clk 00:45:32]}
{[%emt 00:00:07]} 3. e4 {[%clk 00:44:28]} {[%emt 00:01:17]} Nc6 {[%clk
00:45:15]} {[%emt 00:00:32]} 4. Nf3 {[%clk 00:43:19]} {[%emt 00:01:23]} Bg4
{[%clk 00:45:20]} {[%emt 00:00:09]} 5. d5 {[%clk 00:43:28]} {[%emt 00:00:07]}
Ne5 {[%clk 00:45:28]} {[%emt 00:00:06]} 6. Nc3 {[%clk 00:42:55]} {[%emt
00:00:49]} Nf6 {[%clk 00:45:16]} {[%emt 00:00:27]} 7. Bf4 {[%clk 00:42:24]}
{[%emt 00:00:47]} Ng6 {[%clk 00:45:18]} {[%emt 00:00:14]} 8. Be3 {[%clk
00:42:34]} {[%emt 00:00:05]} e5 {[%clk 00:45:13]} {[%emt 00:00:20]} 9. Bxc4
{[%clk 00:42:32]} {[%emt 00:00:18]} Bd6 {[%clk 00:45:19]} {[%emt 00:00:08]} 10.
Be2 {[%clk 00:41:27]} {[%emt 00:01:20]} a6 {[%clk 00:39:47]} {[%emt 00:05:47]}
11. Nd2 {[%clk 00:39:36]} {[%emt 00:02:06]} Bd7 {[%clk 00:38:48]} {[%emt
00:01:14]} 12. O-O {[%clk 00:37:48]} {[%emt 00:02:04]} O-O {[%clk 00:38:05]}
{[%emt 00:00:58]} 13. a3 {[%clk 00:35:23]} {[%emt 00:02:41]} b5 {[%clk
00:35:02]} {[%emt 00:03:18]} 14. Nb3 {[%clk 00:32:11]} {[%emt 00:03:27]} Qe7
{[%clk 00:18:44]} {[%emt 00:16:33]} 15. Na5 {[%clk 00:31:48]} {[%emt 00:00:38]}
Bc5 {[%clk 00:18:28]} {[%emt 00:00:30]} 16. Bxc5 {[%clk 00:24:26]} {[%emt
00:07:37]} Qxc5 {[%clk 00:18:41]} {[%emt 00:00:02]} 17. Qc2 {[%clk 00:19:29]}
{[%emt 00:05:12]} Ne8 {[%clk 00:10:29]} {[%emt 00:08:26]} 18. b4 {[%clk
00:18:50]} {[%emt 00:00:55]} Qe7 {[%clk 00:10:39]} {[%emt 00:00:05]} 19. Nd1
{[%clk 00:15:12]} {[%emt 00:03:53]} f5 {[%clk 00:10:10]} {[%emt 00:00:44]} 20.
Bd3 {[%clk 00:06:29]} {[%emt 00:08:58]} Nf4 {[%clk 00:08:11]} {[%emt 00:02:14]}
21. exf5 {[%clk 00:06:17]} {[%emt 00:00:27]} Nd6 {[%clk 00:07:01]} {[%emt
00:01:24]} 22. Ne3 {[%clk 00:04:17]} {[%emt 00:02:15]} e4 {[%clk 00:06:56]}
{[%emt 00:00:19]} 23. Be2 {[%clk 00:02:28]} {[%emt 00:02:04]} Nxf5 {[%clk
00:06:53]} {[%emt 00:00:19]} 24. Bg4 {[%clk 00:01:08]} {[%emt 00:01:36]} Qg5
{[%clk 00:01:54]} {[%emt 00:05:14]} 25. Bxf5 {[%clk 00:01:13]} {[%emt
00:00:10]} Bxf5 {[%clk 00:02:01]} {[%emt 00:00:08]} 26. Kh1 {[%clk 00:00:40]}
{[%emt 00:00:48]} Rf6 {[%clk 00:01:43]} {[%emt 00:00:33]} 27. Qxc7 {[%clk
00:00:17]} {[%emt 00:00:39]} Rh6 {[%clk 00:01:26]} {[%emt 00:00:31]} 28. Rfc1
{[%clk 00:00:20]} {[%emt 00:00:12]} Qh4 {[%clk 00:01:23]} {[%emt 00:00:18]} 29.
Nf1 {[%clk 00:00:27]} {[%emt 00:00:09]} Nd3 {[%clk 00:00:27]} {[%emt 00:01:11]}
30. Nc6 {[%clk 00:00:22]} {[%emt 00:00:20]} Re8 {[%clk 00:00:19]} {[%emt
00:00:23]} 31. Qg3 {[%clk 00:00:19]} {[%emt 00:00:17]} Qf6 {[%clk 00:00:20]}
{[%emt 00:00:14]} 32. d6 {[%clk 00:00:20]} {[%emt 00:00:15]} Nxc1 {[%clk
00:00:20]} {[%emt 00:00:15]} 33. Ne7+ {[%clk 00:00:30]} {[%emt 00:00:05]} Kh8
{[%clk 00:00:19]} {[%emt 00:00:16]} 34. Rxc1 {[%clk 00:00:40]} {[%emt
00:00:05]} Bd7 {[%clk 00:00:30]} {[%emt 00:00:03]} 35. Rd1 {[%clk 00:00:46]}
{[%emt 00:00:09]} Rf8 {[%clk 00:00:36]} {[%emt 00:00:08]} 36. Kg1 {[%clk
00:00:45]} {[%emt 00:00:16]} Rh5 {[%clk 00:00:38]} {[%emt 00:00:14]} 37. Nd5
{[%clk 00:00:50]} {[%emt 00:00:11]} Qh6 {[%clk 00:00:25]} {[%emt 00:00:28]} 38.
Nb6 {[%clk 00:00:56]} {[%emt 00:00:10]} Rg5 {[%clk 00:00:24]} {[%emt 00:00:16]}
39. Qe3 {[%clk 00:00:36]} {[%emt 00:00:35]} Bg4 {[%clk 00:00:28]} {[%emt
00:00:10]} 40. Rd2 {[%clk 00:00:30]} {[%emt 00:00:22]} Rd8 {[%clk 00:00:23]}
{[%emt 00:00:20]} 41. Qxe4 {[%clk 00:00:23]} {[%emt 00:00:22]} Bh3 {[%clk
00:00:31]} {[%emt 00:00:07]} 42. f4 {[%clk 00:00:22]} {[%emt 00:00:17]} Rxg2+
{[%clk 00:00:37]} {[%emt 00:00:09]} 43. Rxg2 {[%clk 00:00:36]} {[%emt
00:00:01]} Bxg2 {[%clk 00:00:50]} {[%emt 00:00:02]} 44. Kxg2 {[%clk 00:00:18]}
{[%emt 00:00:33]} Qxd6 {[%clk 00:01:04]} 45. Qb7 {[%clk 00:00:18]} {[%emt
00:00:16]} Rb8 {[%clk 00:01:04]} {[%emt 00:00:15]} 46. Qxa6 {[%clk 00:00:29]}
{[%emt 00:00:02]} Qc6+ {[%clk 00:00:48]} {[%emt 00:00:33]} 47. Kf2 {[%clk
00:00:34]} {[%emt 00:00:10]} Rxb6 {[%clk 00:00:58]} {[%emt 00:00:05]} 48. Qa7
{[%clk 00:00:48]} Qc2+ {[%clk 00:00:36]} {[%emt 00:00:36]} 49. Kf3 {[%clk
00:01:01]} {[%emt 00:00:03]} Qd1+ {[%clk 00:00:48]} {[%emt 00:00:03]} 50. Kf2
{[%clk 00:01:15]} {[%emt 00:00:01]} Qd4+ {[%clk 00:00:56]} {[%emt 00:00:08]} 51.
Kf3 {[%clk 00:01:29]} {[%emt 00:00:01]} Qd5+ {[%clk 00:00:38]} {[%emt
00:00:33]} 52. Kf2 {[%clk 00:01:43]} Qd4+ {[%clk 00:00:25]} {[%emt 00:00:27]}
53. Kf3 {[%clk 00:01:55]} {[%emt 00:00:03]} Qd1+ {[%clk 00:00:26]} {[%emt
00:00:14]} 54. Kf2 {[%clk 00:02:09]} Qd8 {[%clk 00:00:39]} {[%emt 00:00:03]} 55.
Ne3 {[%clk 00:01:40]} {[%emt 00:00:45]} Rh6 {[%clk 00:00:52]} {[%emt 00:00:02]}
56. Ng4 {[%clk 00:01:40]} {[%emt 00:00:15]} Qh4+ {[%clk 00:00:40]} {[%emt
00:00:26]} 57. Ke3 {[%clk 00:01:50]} {[%emt 00:00:07]} Qe1+ {[%clk 00:00:47]}
{[%emt 00:00:07]} 58. Kf3 {[%clk 00:01:52]} {[%emt 00:00:13]} Rh3+ {[%clk
00:00:53]} {[%emt 00:00:09]} 59. Kg2 {[%clk 00:02:06]} {[%emt 00:00:01]} h5
{[%clk 00:00:28]} {[%emt 00:00:40]} 60. Kxh3 {[%clk 00:02:05]} {[%emt
00:00:16]} hxg4+ {[%clk 00:00:23]} {[%emt 00:00:20]} 61. Kxg4 {[%clk 00:02:18]}
{[%emt 00:00:01]} Qe6+ {[%clk 00:00:22]} {[%emt 00:00:16]} 62. Kg3 {[%clk
00:02:06]} {[%emt 00:00:27]} Qg6+ {[%clk 00:00:19]} {[%emt 00:00:19]} 63. Kf3
{[%clk 00:02:11]} {[%emt 00:00:10]} Qh5+ {[%clk 00:00:19]} {[%emt 00:00:15]} 64.
Ke4 {[%clk 00:02:11]} {[%emt 00:00:15]} Qe2+ {[%clk 00:00:25]} {[%emt
00:00:08]} 65. Kd5 {[%clk 00:02:21]} {[%emt 00:00:05]} Qf3+ {[%clk 00:00:22]}
{[%emt 00:00:18]} 66. Ke5 {[%clk 00:02:17]} {[%emt 00:00:20]} Qe2+ {[%clk
00:00:26]} {[%emt 00:00:11]} 67. Kd6 {[%clk 00:02:29]} {[%emt 00:00:03]} Qxh2
{[%clk 00:00:38]} {[%emt 00:00:03]} 68. Qa8+ {[%clk 00:02:31]} {[%emt
00:00:13]} Kh7 {[%clk 00:00:52]} {[%emt 00:00:02]} 69. Qe4+ {[%clk 00:02:44]}
{[%emt 00:00:02]} g6 {[%clk 00:00:45]} {[%emt 00:00:22]} 70. Kc6 {[%clk
00:02:53]} {[%emt 00:00:06]} Qh3 {[%clk 00:00:23]} {[%emt 00:00:37]} 71. Qe7+
{[%clk 00:02:35]} {[%emt 00:00:30]} Kh6 {[%clk 00:00:31]} {[%emt 00:00:11]} 72.
Qe5 {[%clk 00:02:16]} {[%emt 00:00:34]} Kh7 {[%clk 00:00:24]} {[%emt 00:00:22]}
73. Kxb5 {[%clk 00:01:01]} {[%emt 00:01:30]} Qxa3 {[%clk 00:00:36]} {[%emt
00:00:03]} 74. Qd4 {[%clk 00:00:56]} {[%emt 00:00:20]} Qa8 {[%clk 00:00:27]}
{[%emt 00:00:24]} 75. Qd7+ {[%clk 00:00:47]} {[%emt 00:00:24]} Kh6 {[%clk
00:00:38]} {[%emt 00:00:04]} 76. Qh3+ {[%clk 00:00:29]} {[%emt 00:00:33]} Kg7
{[%clk 00:00:52]} {[%emt 00:00:01]} 77. Qe3 {[%clk 00:00:27]} {[%emt 00:00:16]}
Qd5+ {[%clk 00:00:25]} {[%emt 00:00:43]} 78. Kb6 {[%clk 00:00:27]} {[%emt
00:00:15]} Qd6+ {[%clk 00:00:31]} {[%emt 00:00:09]} 79. Ka5 {[%clk 00:00:36]}
{[%emt 00:00:06]} Qc7+ {[%clk 00:00:23]} {[%emt 00:00:23]} 80. Ka4 {[%clk
00:00:36]} {[%emt 00:00:16]} Qc4 {[%clk 00:00:22]} {[%emt 00:00:15]} 81. Qe5+
{[%clk 00:00:46]} {[%emt 00:00:05]} Kh7 {[%clk 00:00:29]} {[%emt 00:00:07]} 82.
Ka5 {[%clk 00:00:49]} {[%emt 00:00:12]} Qa2+ {[%clk 00:00:32]} {[%emt
00:00:12]} 83. Kb6 {[%clk 00:01:02]} {[%emt 00:00:03]} Qf2+ {[%clk 00:00:42]}
{[%emt 00:00:04]} 84. Kc6 {[%clk 00:00:53]} {[%emt 00:00:24]} Qg2+ {[%clk
00:00:39]} {[%emt 00:00:18]} 85. Kc7 {[%clk 00:00:56]} {[%emt 00:00:12]} Qc2+
{[%clk 00:00:44]} {[%emt 00:00:09]} 86. Kb8 {[%clk 00:00:59]} {[%emt 00:00:13]}
Qf2 {[%clk 00:00:36]} {[%emt 00:00:23]} 87. b5 {[%clk 00:00:58]} {[%emt
00:00:17]} Qb6+ {[%clk 00:00:30]} {[%emt 00:00:21]} 88. Kc8 {[%clk 00:01:11]}
{[%emt 00:00:02]} Kg8 {[%clk 00:00:36]} {[%emt 00:00:08]} 89. Qd5 {[%clk
00:01:15]} {[%emt 00:00:11]} Kg7 {[%clk 00:00:44]} {[%emt 00:00:08]} 90. Qb7+
{[%clk 00:01:27]} {[%emt 00:00:03]} 1-0

[ePGN "0.1;DGT LiveChess/2.2.5"]